MDQL
is popping MORE tags! Check the
thread
!
Quizzes
Events
Quiz Creation
Community
Videos
Private Events
Remove Ads
Sign In
Join for FREE
Feedback
Dark Mode
Quiz Categories
Sports
Geography
Music
Movies
Television
Just For Fun
Miscellaneous
History
Literature
Language
Science
Gaming
Entertainment
Religion
Holiday
For Kids
Quiz Lab
Recent
Popular Today
Quiz Kudos Today
Editor Picks
Curator Picks
Quizzes by...
Day
Popularity
Type
Ratings
Length
Year
Community
Subscriptions
Recent Discussions
Orange Saloon
Badges
Playlists
Quests
Create
Leaderboards
Showdown
Live 5
Trivia Bingo
Activity
Puzzle Library
Sporcle Events
Private Events
Virtual Trivia
Globe League
Become a Host
Pub Owners
SporcleCon
Opinionation
Our Games
Videos
Blog
Mobile Apps
Partnerships
Remove Ads and Go Orange
Feedback
Sports
Athletes
MLB
NBA
NHL
NFL
Soccer
Sports Teams
WWE
NCAA
Football
Premier League
Basketball
Baseball
Hockey
Golf
Tennis
Cricket
Rugby
Auto Racing
Olympics
World Cup
Sports
Athletes
MLB
NBA
NHL
NFL
Soccer
Sports Teams
WWE
NCAA
Football
Premier League
Basketball
Baseball
Hockey
Golf
Tennis
Cricket
Rugby
Auto Racing
Olympics
World Cup
Random Quiz
Search Sporcle
×
Quiz Lab
Quiz Lab
Sports
Country
Type in answers that appear in a list
Type in answers that appear in a list
Classic
Best Score? Go Orange.
Top 50 footballers 2012 Stats
Can you name the top 50 footballers 2012?
By
gammon123
15m
50 Questions
82 Plays
82 Plays
82 Plays
Comments
Comments
Give Quiz Kudos
Give Quiz Kudos
-
- Ratings
hide this ad
Replay
Link that replays current quiz
Next Quiz
Link to next quiz in quiz playlist
You Got
0%
They Got
Avg Score
75%
Avg Friend Score
Upgrade to see
Score Distribution
Jump to the score distribution portion of the page
Score
0/50
Timer
15:00
0
Plays Today
country
player name
% Correct
argentina
messi
97.6%
portugal
ronaldo
97.6%
england
rooney
95.1%
spain
xavi
93.9%
spain
iniesta
91.5%
holland
van persie
90.2%
holland
robben
89%
spain
silva
87.8%
argentina
aguero
87.8%
serbia
vidic
86.6%
uruguay
suarez
86.6%
spain
pique
85.4%
england
gerrard
84.1%
england
lampard
84.1%
ivory coast
drogba
84.1%
holland
sneijder
82.9%
spain
villa
80.5%
croatia
modric
80.5%
france
ribery
80.5%
brazil
neymar
79.3%
sweeden
ibrahimovic
79.3%
spain
torres
79.3%
spain
casillas
78%
wales
bale
78%
cameroon
eto'o
76.8%
country
player name
% Correct
spain
fabregas
75.6%
germany
ozil
75.6%
germany
schweinsteiger
75.6%
germany
lahm
74.4%
brazil
alves
74.4%
belgium
kompany
73.2%
france
evra
73.2%
uruguay
cavani
72%
argentina
higuain
72%
portugal
nani
72%
france
benzema
70.7%
spain
mata
70.7%
germany
neuer
68.3%
spain
pedro
68.3%
ivory coast
yaya toure
67.1%
belgium
hazard
67.1%
france
nasri
65.9%
spain
busquets
64.6%
Argentina
di maria
63.4%
argentina
pastore
58.5%
germany
gotze
57.3%
spain
alonso
53.7%
germany
hummels
53.7%
brazil
thiago silva
50%
england
ashley cole
42.7%
Quiz Playlist
Details
Report
Send in Message
Add To Playlist
Classic:
Type in answers that appear in a list
Last Updated: Feb 16, 2017
Quiz Scoreboard
CHALLENGE
Sign Up to Join the Scoreboard
Show All
Scores
Hide
Comments
May contain spoilers
Recently Published
5x2 Blitz: Bands
by SL_Kpop136
Music
30s
Colored Red Africa Blitz
by spor1
Geography
30s
Find the 'City' Movie
by crazypaving
Movies
60s
More to Explore
Quiz From the Vault
Featured Blog Post
14 Easter Pick-up Lines to Find Eggs With
hide this ad
You Might Also Like...
Tags
Country Quiz
100
2012
club
Footballer
Player
Today's Top Quizzes in Sports
Browse Sports
hide this ad
Today's Top Quizzes in Country
Browse Country
Top Contributed Quizzes in Sports
1
Players with Multiple 50 Home Run Seasons
2
Who Needs Fielders?
3
Criteria MLB: Left Handed Sluggers
4
MLB Players with Two .350 Batting Average Seasons
5
Who Hit More Homers?
6
2020 F1 Drivers Logic Puzzle
7
NBA Teammate Connections
8
Premier League Clubs since 2000 (minefield)
9
MLB Teams by First Game
10
Top 10 NHL Goal Scorers of All Time
Explore More
Trending Topics
Crossword
Anime
Kpop
Harry Potter
Marvel
NBA
Disney
The Office
Song
Country
Pokémon
WWE
NFL
Soccer
Puzzle
hide this ad
More By:
gammon123
Quiz
Plays
Rating
Category
Featured
Created
top 100 footballers countries 2012
356
1.00
Sports
Mar 13, 2012
napoli squad 2012
192
1.00
Sports
Mar 14, 2012
FULL liverpool squad 2012
186
1.00
Sports
Mar 14, 2012
top 50 footballers 2012
82
2.00
Sports
Mar 13, 2012
Go to Creator's Profile
Score Distribution
Quiz Creator Spotlight
gammon123
Follow
Send a Message
Quizzes Created
-
Created Quiz Play Count
-
More By This Creator
Popular Quizzes Today
1
Find the 'City' Movie
2
5x2 Blitz: Bands
3
Colored Red Africa Blitz
4
Find the US States - No Outlines Minefield
5
The Countries of the World
6
Find the US States
7
9x9 Crossword: Cartoon Network
8
US States
More Sports Quizzes
Top 5 Red Sox Hits Leaders Since 2000
Quiz Lab
Trending Quizzes
Colored Red Europe Blitz I
Colored Red Africa Blitz II
Colored Red Europe Blitz III
Colored Red Europe Blitz II
Colored Red Africa Blitz III
Recently Updated
Champions League XIs: Real Madrid
pecheneg
Largest US Cities 1790-2010
pecheneg
Rides in Walt Disney World
pecheneg
Most Oscar Losses (Acting)
pecheneg
Beyoncé Albums
pecheneg
Leaping Animals
pecheneg
Reality TV Shows (A-Z)
bhenderson79
Rickey Henderson's Hall of Fame Teammates
pecheneg
Champions League XIs: Arsenal
pecheneg
Quick Pick: Celebrities in WWE's Hall of Fame
aduchscher
Trending Topics
Crossword
Disney
Kpop
NBA
Anime
Harry Potter
Marvel
NFL
The Office
WWE
Song
Soccer
Puzzle
Pokémon
Country
Your Account Isn't Verified!
In order to create a playlist on Sporcle, you need to verify the email address you used during registration. Go to your
Sporcle Settings
to finish the process.
Report this User
Report this user for behavior that violates our
Community Guidelines
.
Details:
Send Report
Go to the Sporcle.com Mobile Site →
Comments